Odborná terminológia 37-48 Výkladový slovníček

Guardado en:
Detalles Bibliográficos
Formato: Libro
Lenguaje:eslovaco
Publicado: Bratislava Inšt. riad. 1984
Edición:2. súborné vyd.
Etiquetas: Agregar Etiqueta
Sin Etiquetas, Sea el primero en etiquetar este registro!

MARC

LEADER 00000nam a2200000 4500
001 c040663
005 20221220085344.5
041 0 |a slo 
044 |a SK 
245 1 0 |a Odborná terminológia 37-48  |b Výkladový slovníček 
250 |a 2. súborné vyd. 
264 1 |a Bratislava  |b Inšt. riad.  |c 1984 
300 |a Vol. l.